书目信息 |
| 题名: |
现代化学试剂手册
|
|
| 作者: | 张孙玮 编 | |
| 分册: | 第二分册 化学分析试剂 | |
| 出版信息: | 北京 化学工业出版社 1987.9 |
|
| 页数: | 642页 | |
| 开本: | 16开 | |
| 丛书名: | ||
| 单 册: | ||
| 中图分类: | O6-62 | |
| 科图分类: | ||
| 主题词: | 化学 | |
| 电子资源: | ||
| ISBN: | 7-5025-1163-6 | |
| 000 | 00631nam0 2200205 45 | |
| 001 | 0110151662 | |
| 005 | 20031219104051.2 | |
| 010 | @a7-5025-1163-6@b精装@dCNY32.35 | |
| 100 | @a20011015d1987 km y0chiy0120 ea | |
| 101 | 0 | @achi |
| 105 | @a z 000yy | |
| 200 | 1 | @a现代化学试剂手册@h第二分册@i化学分析试剂@AXian Dai Hua Xue Shi Ji Shou Ce@f张孙玮等编@FZhang Sun Wei Deng Bian |
| 210 | @a北京@c化学工业出版社@d1987.9 | |
| 215 | @a642页@d16开 | |
| 517 | @a化学分析试剂@AHua Xue Fen Xi Shi Ji | |
| 606 | 0 | @a化学 |
| 690 | @aO6-62@v4 | |
| 701 | @a张孙玮@4编 | |
| 801 | @aCN@bTSTC@c20011015 | |
| 905 | @f6@b299682-687@dO6-62@e210:2 | |
| 现代化学试剂手册.第二分册.化学分析试剂/张孙玮等编.-北京:化学工业出版社,1987.9 |
| 642页;16开 |
| ISBN 7-5025-1163-6(精装):CNY32.35 |
| ● |
| 相关链接 |
|
|
|
|
正题名:现代化学试剂手册
索取号:O6-62/210:2
 
预约/预借
| 序号 | 登录号 | 条形码 | 馆藏地/架位号 | 状态 | 备注 |
| 1 | 0299682 | 202996829 | 工具书阅览室/ [索取号:O6-62/210:2] | 在馆 | |
| 2 | 0299683 | 202996838 | 工具书阅览室/ [索取号:O6-62/210:2] | 在馆 | |
| 3 | 0299684 | 202996847 | 密集书库/ [索取号:O6-62/210:2] | 在馆 | |
| 4 | 0299685 | 202996856 | 密集书库/ [索取号:O6-62/210:2] | 在馆 | |
| 5 | 0299686 | 202996865 | 密集书库/ [索取号:O6-62/210:2] | 在馆 | |
| 6 | 0299687 | 202996874 | 第二样本阅览室/ [索取号:O6-62/210:2] | 在馆 |